Statistics for Largest U.S. States By Category

Click here to take the quiz!

General Stats

  • This quiz has been taken 53 times
  • The average score is 8 of 16

Answer Stats

CategoryState% Correct
bordering MexicoTexas
98%
in the countryAlaska
96%
bordering the Great LakesMichigan
90%
starting with the letter IIdaho
86%
in New EnglandMaine
86%
starting with the word "New"New Mexico
73%
touching the Mississippi RiverMinnesota
63%
with a capital city starting with SCalifornia
61%
that doesn't border another countryNevada
49%
east of 80° WNew York
37%
without a star on its flagMontana
27%
whose capital is also its largest cityArizona
24%
with a population density > 120 people/km²Florida
20%
with exactly 8 lettersColorado
14%
whose name doesn't contain the letters A or EWyoming
14%
bordering a state starting with the same letter as it doesIllinois
10%

Score Distribution

Percentile by Number Answered

Percent of People with Each Score

Your Score History

You have not taken this quiz